| 000 | 00337nam a22001337a 4500 | ||
|---|---|---|---|
| 008 | 171104b xxu||||| |||| 00| 0 eng d | ||
| 020 | _a9780071636094 | ||
| 041 | _aeng | ||
| 080 | _a339.138 | ||
| 100 | _a61 | ||
| 101 | _aMAR | ||
| 245 |
_aTHE COMPLETE BOOK OF PERFECT PHRASES FOR HIGH-PERFORMING SALES _cBROOKS, W.T |
||
| 942 |
_2udc _cBK |
||
| 999 |
_c37585 _d37585 |
||